|
|
|
|
| LEADER |
00000cam a2200000 i 4500 |
| 001 |
1/34470 |
| 008 |
960909s1995 eng d |
| 020 |
|
|
|z 0011-300X
|
| 035 |
|
|
|l 10024122
|
| 040 |
|
|
|a GR-MY-UA
|b gre
|e aacr
|
| 041 |
0 |
|
|a eng
|
| 082 |
0 |
|
|a 015
|
| 245 |
1 |
0 |
|a Cumulative book index :
|b a world list of books in the English language /
|c Edited by: Nancy C. Wong
|
| 260 |
|
|
|a New York, Cambridge :
|b Wilson ,
|c 1995
|
| 300 |
|
|
|a 2 τ.
|
| 500 |
|
|
|a Εκδίδεται αντίστοιχη μηνιαία περιοδική έκδοση
|
| 500 |
|
|
|a v.1: A-K, v.2: L-Z
|
| 650 |
0 |
0 |
|a English literature
|x Bibliography
|x Periodicals.
|
| 650 |
0 |
0 |
|a American literature
|x Bibliography
|x Periodicals.
|
| 852 |
|
|
|a INST
|b CHIOS
|e 19960909
|h 015 CUM
|p 005200012011
|q 005200012011
|t REF
|y 23
|z τ.2
|
| 852 |
|
|
|a INST
|b CHIOS
|e 19960909
|h 015 CUM
|p 005200012012
|q 005200012012
|t REF
|y 23
|z τ.1
|
| 852 |
|
|
|a INST
|b CHIOS
|e 19960909
|h 015 CUM
|p 005200012011
|q 005200012011
|t REF
|v τ.2:
|y 23
|z τ.2
|
| 852 |
|
|
|a INST
|b CHIOS
|e 19960909
|h 015 CUM
|p 005200012012
|q 005200012012
|t REF
|v τ.1:
|y 23
|z τ.1
|
| 852 |
|
|
|a INST
|b RHODES
|e 20020826
|h 015 CUM
|p 005400005176
|q 005400005176
|t REF
|y 23
|z v.2
|
| 852 |
|
|
|a INST
|b RHODES
|e 20020826
|h 015 CUM
|p 005400005177
|q 005400005177
|t REF
|y 23
|z v.1
|
| 852 |
|
|
|a INST
|b RHODES
|e 20020826
|h 015 CUM
|p 005400005176
|q 005400005176
|t REF
|v v.2:
|y 23
|z v.2
|
| 852 |
|
|
|a INST
|b RHODES
|e 20020826
|h 015 CUM
|p 005400005177
|q 005400005177
|t REF
|v v.1:
|y 23
|z v.1
|
| 853 |
|
|
|a INST
|b CHIOS
|h 015 CUM
|
| 853 |
|
|
|a INST
|b RHODES
|h 015 CUM
|
| 909 |
|
|
|a Χ
|b 047236
|
| 909 |
|
|
|a Χ
|b 047237
|
| 909 |
|
|
|a Ρ
|b 048781
|
| 909 |
|
|
|a Ρ
|b 048782
|